000
00286nam a22001337a 4500
020
_a
0-521-68429-3
082
_a
425
_b
DOF/T
100
_a
DOFF,ADRIAN
245
_a
TEACH ENGLISH
260
_b
CAMBRIDGE UNIVERSITY PRESS
300
_a
286
650
_a
TRAINER'S HAND BOOK
942
_c
BK
999
_c
3956
_d
3956